| 000 -LEADER |
| fixed length control field |
00735cam a2200229 a 4500 |
| 020 ## - INTERNATIONAL STANDARD BOOK NUMBER |
| ISBN |
0773472665 (v. 38) |
| 020 ## - INTERNATIONAL STANDARD BOOK NUMBER |
| ISBN |
088946099X (SAH series) |
| 040 ## - CATALOGING SOURCE |
| Transcribing agency |
DLC |
| 082 00 - DEWEY DECIMAL CLASSIFICATION NUMBER |
| Classification number |
977 EMP 2002 C152 Or. |
| -- |
B |
| 100 1# - MAIN ENTRY--AUTHOR NAME |
| Personal name |
Boman, Dennis K |
| 245 10 - TITLE STATEMENT |
| Title |
Abiel Leonard, Yankee slaveholder, eminent jurist, and passionate Unionist / |
| 260 ## - PUBLICATION, DISTRIBUTION, ETC. (IMPRINT) |
| Place of publication |
Lewiston, N.Y. : |
| Name of publisher |
E. Mellen Press, |
| Year of publication |
c2002 |
| 300 ## - PHYSICAL DESCRIPTION |
| Number of Pages |
vi, 259 p., [9] leaves of plates : |
| Other physical details |
col. ill. ; |
| Dimensions |
24 cm |
| 490 1# - SERIES STATEMENT |
| Series statement |
Studies in American history ; |
| 650 #0 - SUBJECT ADDED ENTRY--TOPICAL TERM |
| Topical Term |
Legislators |
| 650 #0 - SUBJECT ADDED ENTRY--TOPICAL TERM |
| Topical Term |
Judges |
| 650 #0 - SUBJECT ADDED ENTRY--TOPICAL TERM |
| Topical Term |
Lawyers |
| 650 #0 - SUBJECT ADDED ENTRY--TOPICAL TERM |
| Topical Term |
Landowners |
| 650 #0 - SUBJECT ADDED ENTRY--TOPICAL TERM |
| Topical Term |
Unionists (United States Civil War) |
| 856 41 - ELECTRONIC LOCATION AND ACCESS |
| Uniform Resource Identifier |
http://www.loc.gov/catdir/toc/fy032/2001044474.html |
| 942 ## - ADDED ENTRY ELEMENTS (KOHA) |
| Koha item type |
ADB |
| 952 ## - LOCATION AND ITEM INFORMATION (KOHA) |
| Withdrawn status [LOCAL, KOHA] |
0 |